00825 2200301 4500001002100000005001700021008004100038020002200079035002400101040001200125082001500137084002000152100002000172245008600192250001100278260003200289300003500321650002300356700001300379850001200392990001700404990001700421990001700438990001700455990001700472990001700489990001700506YOGYA-0111000000165820160809134957.0 ind  a978-602-96493-0-7 0010-011100000001658 aYOPDYOG a371.12 Mun aPK 371.12 Mun S aMunir, Abdullah aSuper teacher:bsosok guru yang di hormati, disegani dan dicintaicAbdullah Munir aCet. 1 aYogyakartabPedagogiac2010 axi, 194 hlm . : ilus . ; 21 cm aGuru - Kepribadian aRiswandi aYOPDYOG a6527-PK/B-10 a6529-PK/B-10 a6531-PK/B-10 a6532-PK/B-10 a6533-PK/B-10 a6535-PK/B-10 a6536-PK/B-10